000 00561nam a2200181Ia 4500
005 20250508161908.0
008 008 250505s9999 xx 000 0 eng d
037 _aTextual
040 _aFEDL
_beng
_cFEDL
041 _aeng
_2eng
084 _a370.7, COM
_qFEDL
245 0 _aIn-service teacher education in the caribbean : Report of a commonwealth regional workshop barbados 19-28 April
260 _aLondon, UK
_bMarlorough House
_c1977
300 _a93p.
650 _aEducation
942 _cTEXL
_h370.7, COM
999 _c1373037
_d1373037